000 00517nam a2200181Ia 4500
003 IN-BaIIA
008 211028s9999 xx 000 0 eng d
040 _cIIA Library
080 _a537.531
_bSPR
100 _aSproull, Wayne T.
_91884
245 0 _aX-Rays in practice
_cWayne T. Sproull
260 _aNew York
_bMcGraw-Hill
_c1946
300 _avii, 615p.
650 _aExtraterrestrial radiation
_91885
650 _aNASA thesaurus
650 _aX-Rays
_91886
942 _cBK
999 _c882
_d882